Southville International School and Colleges
Your cart is empty.
  • Cart
  • Lists
    Public lists Eva Luna New books Lux_list list_1
    Your lists Log in to create your own lists
  • Log in to your account
  • Your cookies
  • Search history
Southville International School and Colleges
  • Advanced search
  • Recent comments
  • Most popular
  • Libraries

Log in to your account

Log in with GOOGLE


If you do not have an external account, but do have a local account, you can still log in:

  1. Home
  2. MARC view: The house of windjammer
Normal view MARC view ISBD view

The house of windjammer (Record no. 11452)

[ view plain ]
MARC details
000 -LEADER
fixed length control field 01198cam a2200325 a 4500
001 - CONTROL NUMBER
control field 12851466
003 - CONTROL NUMBER IDENTIFIER
control field PILC
005 - DATE AND TIME OF LATEST TRANSACTION
control field 20160114143719.0
008 - FIXED-LENGTH DATA ELEMENTS--GENERAL INFORMATION
fixed length control field 020712s2003 nyu j 000 1 eng
010 ## - LIBRARY OF CONGRESS CONTROL NUMBER
LC control number 2002027818
020 ## - INTERNATIONAL STANDARD BOOK NUMBER
International Standard Book Number 9780747568001
040 ## - CATALOGING SOURCE
Original cataloging agency DLC
Transcribing agency DLC
Modifying agency DLC
042 ## - AUTHENTICATION CODE
Authentication code lcac
043 ## - GEOGRAPHIC AREA CODE
Geographic area code e-ne---
050 00 - LIBRARY OF CONGRESS CALL NUMBER
Classification number PZ 7
Item number .R521Ho 2003
082 00 - DEWEY DECIMAL CLASSIFICATION NUMBER
Classification number FIC
Item number R39 2003
100 1# - MAIN ENTRY--PERSONAL NAME
Personal name Richardson, V. A.
9 (RLIN) 20287
245 14 - TITLE STATEMENT
Title The house of windjammer
Statement of responsibility, etc V.A. Richardson.
250 ## - EDITION STATEMENT
Edition statement 1st U.S. ed.
260 ## - PUBLICATION, DISTRIBUTION, ETC. (IMPRINT)
Place of publication, distribution, etc New York :
Name of publisher, distributor, etc Bloomsbury Children's Books,
Date of publication, distribution, etc [2003]
300 ## - PHYSICAL DESCRIPTION
Extent 350 p. ;
Dimensions 21 cm.
650 ## - SUBJECT ADDED ENTRY--TOPICAL TERM
Topical term or geographic name as entry element Amsterdam (Netherlands)
Form subdivision Juvenile fiction.
General subdivision History
Chronological subdivision 17th century
9 (RLIN) 20288
650 ## - SUBJECT ADDED ENTRY--TOPICAL TERM
Topical term or geographic name as entry element Netherlands
Form subdivision Fiction.
General subdivision History
Chronological subdivision 17th century
9 (RLIN) 20289
856 42 - ELECTRONIC LOCATION AND ACCESS
Materials specified Contributor biographical information
Uniform Resource Identifier <a href="http://www.loc.gov/catdir/bios/hol053/2002027818.html">http://www.loc.gov/catdir/bios/hol053/2002027818.html</a>
856 42 - ELECTRONIC LOCATION AND ACCESS
Materials specified Publisher description
Uniform Resource Identifier <a href="http://www.loc.gov/catdir/description/hol031/2002027818.html">http://www.loc.gov/catdir/description/hol031/2002027818.html</a>
906 ## - LOCAL DATA ELEMENT F, LDF (RLIN)
a 7
b cbc
c orignew
d 1
e ocip
f 20
g y-gencatlg
942 ## - ADDED ENTRY ELEMENTS (KOHA)
Source of classification or shelving scheme Library of Congress Classification
Koha item type Books
Holdings
Withdrawn status Lost status Source of classification or shelving scheme Damaged status Home library Current library Shelving location Date acquired Total Checkouts Total Renewals Full call number Barcode Date last seen Date checked out Copy number Price effective from Koha item type
    Library of Congress Classification   Luxembourg Library Luxembourg Library Fiction Section 09/17/2013 1 8 PZ 7 .R521Ho 2003 15635 08/11/2015 07/01/2015 1 09/17/2013 Books

The house of windjammer

APA

Richardson V. A., . (2003). The house of windjammer. New York: Bloomsbury Children's Books.

Chicago

Richardson V A, . 2003. The house of windjammer. New York: Bloomsbury Children's Books.

Harvard

Richardson V. A., . (2003). The house of windjammer. New York: Bloomsbury Children's Books.

MLA

Richardson V A, . The house of windjammer. New York: Bloomsbury Children's Books. 2003.

  • Place hold
  • Print
  • Cite
  • Add to your cart (remove)
  • Save record
    BIBTEX Dublin Core MARCXML MARC (non-Unicode/MARC-8) MARC (Unicode/UTF-8) MARC (Unicode/UTF-8, Standard) MODS (XML) RIS
  • More searches
    Search for this title in:
    Other Libraries (WorldCat) Other Databases (Google Scholar) Online Stores (Bookfinder.com) Open Library (openlibrary.org)

Exporting to Dublin Core...

SOUTHVILLE LIBRARY

Southville International School and Colleges Library

1281 Tropical Ave. Cor. Luxembourg St., BF Homes International, Las Pinas City

Tel. No. 8256374 / 252358 Loc. 117/146

Powered by Koha